000 00633nam a2200205Ia 4500
005 20260228110059.0
008 191130s2003##################000#0#eng##
020 _a122541057
082 _a535.846 FER
100 _aFerraro, John R
245 _aIntroductory Raman spectroscopy
_cJohn R. Ferraro, Kazua Nakamoto, Chris W. Brown
250 _a2nd ed
260 _aSan Diego
_bElsevier / Academic Press
_cc2003
300 _axiii, 434 p. : ill. ; 24 cm
500 _aIncludes bibliographical references and index
650 _aRaman spectroscopy
700 _aBrown, Chris W
700 _aNakamoto, Kazuo
942 _cENGLISH
999 _c220378
_d220378